Revista Ciencias Estrategicas

Detalles Bibliográficos
Formato: Revista
Lenguaje:español
Publicado: Medelln̕ : Universidad Pontificia Bolivariana Escuela de Ciencias Estratǧicas, 1993-
Materias:
Acceso en línea:http://www.vlex.com/source/7236

MARC

LEADER 00000nas a22000007a 4500
005 20130311184626.0
007 cr|||| ||||
008 130311c19939999ck fr|p s|||| 0|||b1spa d
022 |a 17948347  
035 |a 7236 
040 |a vLex 
090 |c 3894  |d 3894 
245 0 0 |a Revista Ciencias Estrategicas  |h [Recurso electrn̤ico]  
256 |a Servicio en ln̕ea 
260 |a Medelln̕ :  |b Universidad Pontificia Bolivariana Escuela de Ciencias Estratǧicas,  |c 1993- 
300 |a 1 Recurso electrn̤ico 
506 |d vLex Global  |d vLex Global (Academic Edition, excluding Law Schools)  |d vLex Global (U.S. Academic Edition, Law Schools)  |d vLex Global (U.S. Academic Edition, excluding Law Schools)  |d vLex Global (Academic Edition, Law Schools) 
650 0 4 |a Ciencias polt̕icas  |v Revistas 
740 |a vLex Revistas (Servicio en ln̕ea) 
856 |a Acceso restringido  |u http://www.vlex.com/source/7236 
942 |c REV 
999 0 |a Political science